Voltaire

Guardat en:
Dades bibliogràfiques
Autor principal: Brailsford, Henry Noel (Autor)
Format: Llibre
Idioma:espanyol
Publicat: Ciudad de México Fondo de Cultura Económica 1941
Matèries:
Etiquetes: Afegir etiqueta
Sense etiquetes, Sigues el primer a etiquetar aquest registre!

MARC

LEADER 00000nam a2200000 a 4500
001 UCO0244
003 CL-VaPUC
008 000420e19410000MX |||||||||||||||||spa|d
082 0 4 |a 194  |b BRA  |2 21 
100 0 |a Brailsford, Henry Noel  |e author  |9 441381 
245 1 0 |a Voltaire 
300 |a 195 p 
942 |c BK 
945 |d 20000420 00:00:00  |a crobeson 
260 |a Ciudad de México  |b Fondo de Cultura Económica  |c 1941 
600 0 7 |a VOLTAIRE  |2 CL-VaPUC  |9 314050 
650 0 |a Filosofía francesa   |9 255698 
650 0 |a Filósofos franceses  |9 314621 
583 |a last modification  |c 20000420 00:00:00  |k Rodrigo Vera 
999 |c 286959  |d 286957 
952 |0 0  |1 0  |4 0  |6 194_000000000000000_BRA_1941  |7 0  |8 X  |9 333242  |a BIBHIS  |b BIBHIS  |d 2019-11-20  |i 1399977  |o 194 BRA 1941  |p 1399977  |r 2024-01-30  |w 2019-11-20  |y BK_X  |k HIS